Lecciones de derecho eclesis̀tico del estado

Detalles Bibliográficos
Autor principal: Satorras Fioretti, Rosa Mara̕
Formato: Desconocido
Lenguaje:español
Publicado: Barcelona : BOSCH EDITOR, 2004
Edición:3ra. ed
Materias:
Acceso en línea:Acceso restringido

MARC

LEADER 00000ny a22000003n 4500
005 20110628120711.0
006 m u
007 cr cn|||||||||
008 200805r20042008sp |||||s|||||||||||spa d
020 |a 9788476987230 
035 |a 611 
040 |a FlNmELB  |c FlNmELB  |d vLex 
050 1 4 |a K3280  |b S253 2004eb 
080 |a 348.01/.07 
090 |c 1159  |d 1159 
100 1 |a Satorras Fioretti, Rosa Mara̕ 
245 1 0 |a Lecciones de derecho eclesis̀tico del estado  |h [Recurso electrn̤ico]  |c Rosa Mara̕ Satorras Fioretti 
250 |a 3ra. ed 
256 |a Servicio en ln̕ea 
260 |a Barcelona :  |b BOSCH EDITOR,  |c 2004 
300 |a 11-365 p 
506 1 |a Contenido solo disponible en los productos indicados  |d vLex Global  |d vLex Global (Academic Edition, excluding Law Schools)  |d vLex Global (U.S. Academic Edition, Law Schools)  |d vLex Global (U.S. Academic Edition, excluding Law Schools)  |d vLex Global (Academic Edition, Law Schools) 
650 0 7 |a Matrimonio  |2 Tesauro vLex 
650 0 7 |a Familia  |2 Tesauro vLex 
650 0 7 |a Religin̤  |2 Tesauro vLex 
650 0 7 |a Derecho eclesis̀tico  |2 Tesauro vLex 
740 0 |a vLex Libros (Servicios en ln̕ea) 
856 4 0 |u http://vlex.com/source/611  |z Acceso restringido 
942 |c BOOK